000 00365nam a2200157Ia 4500
005 20250425161019.0
008 250425s9999 xx 000 0 und d
041 _aspa
082 _a658.1514
245 0 _aEL CONTROL DE LA GESTION MEDIANTE EL CUADRO D
250 _a1A ED.
260 _aMacao
_bEDIT
_c1975
260 _aS.L.
942 _c01
010 _a10621
999 _c200695
_d200695